Responses for Show #7938 - Wednesday, February 27, 2019

2019 All-Star Games match 2, game 2.

Contestants

[<< previous game]

Team Julia (subtotal of $0)

Playing the Jeopardy! Round: Seth Wilson, a private events manager from Chicago, Illinois

Playing the Double Jeopardy! Round: Julia Collins, an administrator of a female-centric website from Wilmette, Illinois

Playing the Final Jeopardy! Round: Ben Ingram, a business technology integration consultant from Lake Wylie, South Carolina

Team Austin (subtotal of $8,000)

Playing the Jeopardy! Round: Leonard Cooper, a graduate student at Brown University from Little Rock, Arkansas

Playing the Double Jeopardy! Round: Austin Rogers, a bartender from New York, New York

Playing the Final Jeopardy! Round: Roger Craig, a machine learning consultant from Newark, Delaware

Team Ken (subtotal of $40,003)

Playing the Jeopardy! Round: Monica Thieu, a Ph.D. student in psychology from New York, New York

Playing the Double Jeopardy! Round: Ken Jennings, a writer from Seattle, Washington

Playing the Final Jeopardy! Round: Matt Jackson, a digital fundraising professional from Washington, D.C.

[next game >>]

Jeopardy! Round responses

FAMILIAR BRANDS IN SONGS
RECENT BOOKS
SHOOTING BLANKS
A WALK IN THE PARK
WHAT A CIRCUS!
4,3,4
(Alex: Each correct response will be a 3-word phrase.)
    $200 27
a Polaroid picture

Leonard
    $200 20
(Reese) Witherspoon

Monica
    $200 29
Desert Fox

Triple Stumper
    $200 30
Central Park

Seth
    $200 28
the ringmaster

Monica
    $200 26
save the date

Monica
    $400 14
(Seth: What is [*]?)
(Alex: That's it.)
(Seth: What a day.)

"All About That Bass"

Seth
    $400 19
(Monica: Who is Eisner?)

Michael Ovitz

Monica
Triple Stumper
    $400 24
Harpers

Monica
    $400 22
an owl

Monica
    $400 23
a cannonball

Seth
    $400 25
(Seth: What is a... dime store?)

a five and dime

Seth
Triple Stumper
    $600 13
Wayfarers

Monica
    $600 3
Khaled Hosseini

Leonard
    $600 12
Missouri

Monica
    $600 21
Golden Gate Park

Monica
    $600 18
a trapeze

Leonard
    $600 1
read one mind

Leonard
    $800 10
(Monica: What is "Drank"?)

"HUMBLE."

Monica
Triple Stumper
    $1,000 4
Doris Kearns Goodwin

Leonard
    $800 11
Japanese

Leonard
    $800 15
Portland, Oregon

Triple Stumper
    $800 16
a clown

Seth
    $800 17
bury the lede

Monica
    $1000 7
(Leonard: Oh!)
[Leonard rings in.]
(Alex: Leonard.)
(Leonard: What is [*]?)

Grey Goose

Leonard
    $1000 5
Tom Perotta

Triple Stumper
    $1000 2
triplane

Seth
    $1000 9
(Seth: What is D.C.?)
(Alex: You got it.)
(Seth: [Overlapping] What is Washington D.C.?)
(Alex: That's it.)

D.C., or Washington, D.C.

Seth
    $1000 8
a lasso

Seth
    $1000 6
foot the bill

Seth

Scores at the first commercial break (after clue 15):

Team Ken Team Austin Team Julia
$400 $4,000 $4,400

Scores at the end of the Jeopardy! Round:

Team Ken Team Austin Team Julia
$2,800 $4,800 $5,400

Double Jeopardy! Round responses

A LONG, LONG TIME AGO
ART & ARTISTS
AFRICAN-AMERICAN ACTRESSES
INTERNATIONAL DISPUTES
DATES
CROSSWORD CLUES "V"
    $400 30
permafrost

Austin
    $400 26
marble

Ken
    $400 27
(Vanessa) Williams

Ken
    $400 29
the Channel Islands

Ken
    $400 25
November 11

Austin
    $400 28
her veil

Ken
    $800 23
the Alps

Austin
    $800 24
Wyeth

Julia
    $800 5
Dreamgirls

Austin
    $5,000 16
Morocco

Ken
    $800 9
(Alex: Yes, St. Patty's Day.)

March 17th

Ken
    $800 1
viscera

Ken
    $1200 22
a Cro Magnon

Triple Stumper
    $1200 14
Titian

Ken
    $1200 7
Phylicia Rashad

Ken
    $1200 17
Italy and Ethiopia

Austin
    $1200 10
March 4th

Ken
    $1200 2
a vuvuzela

Ken
    $1600 21
a supercontinent

Ken
    $1600 12
Braque

Ken
    $1600 6
What Ever Happened to Baby Jane?

Julia
    $1600 20
gunboat

Austin
    $1600 11
October 31st

Austin
    $1600 3
the verso

Ken
    $2000 19
an iguanodon

Ken
    $3,600 15
(Alex: Tree of Life and the Tree of Knowledge.)

Adam and Eve

Ken
    $2000 8
Cicely Tyson

Ken
    $2000 18
the South Sandwich Islands

Austin
    $2000 13
(Alex: Oh, you break my heart.)
(Ken: Sorry! Sorry, Alex.)
(Alex: Yes. [*].)

July 1st

Triple Stumper
    $2000 4
a velocipede

Ken

Scores at the end of the Double Jeopardy! Round:

Team Ken Team Austin Team Julia
$30,200 $13,600 $7,800
(lock tournament)

Final Jeopardy! Round responses

20th CENTURY HISTORY
(Alex: [To Roger] Did Austin tell you to write that down as your response? Or was it your idea?)
(Roger: It was actually, yeah, my own idea.)
(Alex: Okay.)
(Roger: But it was the only time--the first time I haven't taken orders from him.)
(Alex: Okay.)
BenWhat is velvet revolution?
$7,800
RogerWhat or who is Alex Trebek RSTLNE XBKA
$0
MattWhat is velvet revolution divorce
$538
the velvet revolution

Final scores:

Team Ken Team Austin Team Julia
$30,738 $13,600 $15,600

Cumulative scores:

Team Ken Team Austin Team Julia
$70,741 $21,600 $15,600
Winner: Automatic finalist 2nd place: Wildcard competitor 3rd place: $50,000 (split three ways) if eliminated

Game dynamics:

Coryat scores:

Team Ken Team Austin Team Julia
$24,400 $13,400 $7,800
Monica Leonard Seth
$2,800 $4,600 $5,400
Ken Austin Julia
$21,600 $8,800 $2,400
27 R
(including 2 DDs),
2 W
15 R
(including 1 DD),
0 W
10 R,
1 W

Combined Coryat: $45,600

[game clues] [game scores] [suggest correction]

Game tape date: 2019-01-09
The J! Archive is created by fans, for fans. Scraping, republication, monetization, and malicious use prohibited; this site may use cookies and collect identifying information. See terms. The Jeopardy! game show and all elements thereof, including but not limited to copyright and trademark thereto, are the property of Jeopardy Productions, Inc. and are protected under law. This website is not affiliated with, sponsored by, or operated by Jeopardy Productions, Inc. Join the discussion at JBoard.tv.